| 000 | 01677nam a2200313Ia 4500 | ||
|---|---|---|---|
| 001 | D5115 | ||
| 003 | IT-RoPAU | ||
| 008 | 130308s9999 xx 000 0 und d | ||
| 040 | _aIT-RoPAU | ||
| 040 | _cIT-RoPAU | ||
| 041 | _aITALIANO | ||
| 100 | _aBallardini Bruno | ||
| 100 | _gCodice Aut. SPICS: 23312 | ||
| 245 | _aManuale di disinformazione. I media come arma impropria: metodi, tecniche, strumenti per la distruzione della realtà | ||
| 245 | _bManuale di Disinformazione. I Media Come Arma Impropria: Metodi, Tecniche, Strumenti per la Distruzione della Realta' | ||
| 250 | _a1a ed. | ||
| 260 | _aROMA | ||
| 260 | _bCastelvecchi | ||
| 260 | _c1995 [1° Ed.:1995 - Ed.Ling.Originale:1995] | ||
| 300 | _a"188 p. (prefazione: no ; testo: 188)" | ||
| 500 | _aDisinformazione Altra faccia dell'Informazione. Disinformazione Anima della Propaganda, dell'ideologia e dei Mass Media. Ma Puo' Essere Anche Strumento utile per combattere Il nemico Sul suo Stesso Terreno. nel Saggio Introduttivo l'autore presenta Tecniche e strategie della Disinformazione Come Sono State Utilizzate nel Passato. presenta Poi Alcuni contributi di Esperti Sull'Argomento, Sul futuro della Disinformazione. chiude Il Volume un suo Saggio Sulle Azioni psicologiche nella Guerriglia: Guerrigliero Combattente Propagandista, propaganda Armata, Squadre di propaganda Armata, Sviluppo e Controllo delle Organizzazioni del Fronte, Controllo delle concentrazioni Edelle Riunioni di Massa. | ||
| 650 | _aSAGGI DI COMUNICAZIONE SOCIALE | ||
| 650 | _eCodice materia Spics: 3807 | ||
| 700 | _aAA.VV. | ||
| 700 | _gCodice Aut. SPICS: 12000 | ||
| 942 | _cBK | ||
| 957 | _71 | ||
| 999 |
_c89693 _d89693 |
||
| 999 | _g1 | ||